| 000 | 01704nam a2200469 i 4500 | ||
|---|---|---|---|
| 001 | 20768 | ||
| 003 | KOSZ 005 | ||
| 005 | 20210810132705.0 | ||
| 008 | 190610s1982 pl g d 001 0cpol | ||
| 015 | _aPB 1982/7471 | ||
| 020 | _a8321401414 | ||
| 035 | _a(OCoLC)830229800 | ||
| 040 |
_aWA N _cWA N _dKOSZ 005/HR _dKOSZ 005/RW |
||
| 046 | _k1982 | ||
| 080 | _a929-052(38) | ||
| 080 | _a929-052(37) | ||
| 080 | _a821.14'02(091) | ||
| 080 | _a821.124'02(091) | ||
| 245 | 0 | 0 |
_aSłownik pisarzy antycznych / _cpod redakcją Anny Świderkówny ; [autorzy haseł Zofia Augustyn et al.; "Losy antycznej literatury" Benedetto Bravo, Ewa Wipszycka-Bravo]. |
| 260 |
_aWarszawa : _b"Wiedza Powszechna", _c1982. |
||
| 300 |
_a486, [2] stron, [8] kart tablic ; _c20 cm. |
||
| 336 |
_aTekst _btxt _2rdacontent |
||
| 337 |
_aBez urządzenia pośredniczącego _bn _2rdamedia |
||
| 338 |
_aWolumin _bnc _2rdacarrier |
||
| 380 | _aKsiążki | ||
| 380 | _aPublikacje dydaktyczne | ||
| 388 | _a1901-2000 | ||
| 504 | _aIndeks. | ||
| 650 | 4 | _aPisarze greccy | |
| 650 | 4 | _aPisarze łacińscy | |
| 655 | 4 | _aLiteratura grecka | |
| 655 | 4 | _aLiteratura łacińska | |
| 655 | 4 | _aSłownik biograficzny | |
| 658 | _aLiteraturoznawstwo | ||
| 700 | 1 |
_aŚwiderkówna, Anna _d(1925-2008) _eRedakcja |
|
| 700 | 1 |
_aAugustyn, Zofia _eAutor |
|
| 700 | 1 |
_aBravo, Benedetto _d(1931- ) _ePrzedmowa |
|
| 700 | 1 |
_aWipszycka, Ewa _d(1933- ) _ePrzedmowa |
|
| 710 | 2 |
_aPaństwowe Wydawnictwo Wiedza Powszechna _4pbl. |
|
| 856 |
_uhttp://koha.tu.koszalin.pl/cgi-bin/koha/opac-detail.pl?biblionumber=20768 _yKatalog online BPK |
||
| 942 |
_2UKD _cKS |
||
| 999 |
_c20768 _d20768 |
||